|
|
|
|
| LEADER |
00000naa2a2200000 4500 |
| 001 |
612884 |
| 005 |
20231214135131.0 |
| 035 |
|
|
|a (RuTPU)RU\TPU\conf\11015
|
| 035 |
|
|
|a RU\TPU\conf\11014
|
| 090 |
|
|
|a 612884
|
| 100 |
|
|
|a 20150630d2015 k y0rusy50 ca
|
| 101 |
0 |
|
|a rus
|
| 102 |
|
|
|a RU
|
| 105 |
|
|
|a y z 101zy
|
| 135 |
|
|
|a drcn ---uucaa
|
| 181 |
|
0 |
|a i
|
| 182 |
|
0 |
|a b
|
| 200 |
1 |
|
|a Подбор программного обеспечения на основе методов анализа и прогнозирования, реализованных в 1С
|f А. Н. Важдаев, Т. Ю. Чернышёва, Е. И. Лисачева
|
| 203 |
|
|
|a Текст
|c электронный
|
| 225 |
1 |
|
|a Автоматизация и информатизация, экономика и менеджмент на предприятии
|
| 300 |
|
|
|a Заглавие с титульного экрана
|
| 320 |
|
|
|a [Библиогр.: с. 224 (7 назв.)]
|
| 337 |
|
|
|a Adobe Reader
|
| 463 |
|
0 |
|0 (RuTPU)RU\TPU\conf\10375
|t Инновационные технологии и экономика в машиностроении
|o сборник трудов VI Международной научно-практической конференции, 21-23 мая 2015 г., Юрга
|f Национальный исследовательский Томский политехнический университет (ТПУ), Юргинский технологический институт (ЮТИ) ; под ред. Д. А. Чинахова
|v [С. 219-224]
|d 2015
|
| 610 |
1 |
|
|a труды учёных ТПУ
|
| 610 |
1 |
|
|a электронный ресурс
|
| 610 |
1 |
|
|a программное обеспечение
|
| 610 |
1 |
|
|a анализ
|
| 610 |
1 |
|
|a прогнозирование
|
| 610 |
1 |
|
|a 1С: Предприятие
|
| 610 |
1 |
|
|a платформы
|
| 700 |
|
1 |
|a Важдаев
|b А. Н.
|c специалист в области информатики и вычислительной техники
|c доцент, кандидат технических наук Юргинского технологического института (филиала) Томского политехнического университета
|f 1981-
|g Андрей Николаевич
|3 (RuTPU)RU\TPU\pers\24487
|9 10810
|
| 701 |
|
1 |
|a Чернышёва
|b Т. Ю.
|c специалист в области информатики и вычислительной техники
|c доцент Юргинского технологического института (филиала) Томского политехнического университета, кандидат технических наук
|f 1974-
|g Татьяна Юрьевна
|3 (RuTPU)RU\TPU\pers\25981
|9 11830
|
| 701 |
|
1 |
|a Лисачева
|b Е. И.
|
| 712 |
0 |
2 |
|a Национальный исследовательский Томский политехнический университет (ТПУ)
|b Юргинский технологический институт (филиал) (ЮТИ)
|b Кафедра информационных систем (ИС)
|3 (RuTPU)RU\TPU\col\18893
|
| 801 |
|
2 |
|a RU
|b 63413507
|c 20210205
|g RCR
|
| 856 |
4 |
|
|u http://earchive.tpu.ru/handle/11683/19732
|
| 856 |
4 |
|
|u http://www.lib.tpu.ru/fulltext/c/2015/C30/050.pdf
|
| 942 |
|
|
|c BK
|